000 00938nmc a2200313 a 4500
003 AR-BaBNM
005 20251128205001.0
008 011101s1995 ||||||||||||||000 | spa||
020 _a950-581-122-5
040 _cAR-BaBNM
245 1 0 _aLos géneros periodísticos
_bantología
260 _aBuenos Aires
_bColihue
_c1995
300 _a193 p.
490 0 _aLeer y crear
_vv. 122
500 _aIntroducción, notas y propuestas de trabajo por Ana Atorresi
500 _aContiene introducción en p. 13-45
500 _aSelección de artículos y actividades
504 _aBibliografía en p. 193
650 4 _aCOMPOSICION LITERARIA
650 4 _aPERIODISMO
650 4 _aACTIVIDADES DE LA CLASE
650 4 _aRECURSOS LITERARIOS
650 4 _aANALISIS LITERARIO
653 _aENSENANZA DE LA LENGUA
700 1 _aAtorresi, Ana
_ecompilador
800 1 _aPetruzzi, Herminia
_edirector
942 _cBK
998 _claura
999 _c9581
_d9581